| 000 | 00567nam a2200217Ia 4500 | ||
|---|---|---|---|
| 001 | 44333 | ||
| 005 | 20240114003625.0 | ||
| 007 | ta | ||
| 008 | 090226s g b000 u asm u | ||
| 040 | _aCotton College,Assam | ||
| 041 | _aasm | ||
| 082 |
_a891.4409 _bC 459 P |
||
| 100 | _aChoudhary, Jatindra Bimal . | ||
| 245 | 0 |
_aPrabandhawali / _cJatindra Bimal Choudhary. _hTextual Documents |
|
| 300 |
_a130p. ; _c16 cm.. |
||
| 653 | _aT/G-Assamese | ||
| 653 | _aAssamese Literature | ||
| 942 |
_2ddc _cBK |
||
| 999 |
_c44299 _d44299 |
||